| 000 | 01060nam a22002657a 4500 | ||
|---|---|---|---|
| 005 | 20260416150034.0 | ||
| 007 | cr |||aaa||||| | ||
| 008 | 260416s2003 sp|a||| o|||| 001 0 spa d | ||
| 020 | _a8479088354 | ||
| 040 |
_aMX-MxUPN _bspa _eaacr2 |
||
| 041 | 0 | _aspa | |
| 050 | 4 | _aGV333 A46 | |
| 100 | 1 |
_aFernández Sirvent, Rafael _959285 |
|
| 245 |
_aFrancisco Amorós y los inicios de la educación física moderna : _bbiografía de un funcionario al servicio de España y Francia _h[recurso electrónico en línea] |
||
| 260 |
_aSan Vicente del Raspeig : _bUniversidad de Alicante, _c[2003] |
||
| 300 |
_a1 recurso en línea (393 páginas) : _bilustraciones, PDF |
||
| 490 | 0 | _aMonografías | |
| 500 | _aFecha de publicación tomada de la descripción del repositorio. | ||
| 506 | 0 | _aAcceso abierto | |
| 600 | 1 | 0 |
_aAmorós y Ondeano, Francisco, _d1770-1848 _959286 |
| 650 | 4 |
_aEducación fisica _zFrancia _xHistoria _ySiglo XIX _959288 |
|
| 856 | 4 | 0 | _uhttp://hdl.handle.net/10045/70968 |
| 902 | _aVíctorGodínez/160426 | ||
| 942 |
_2lcc _cLIBRO-E |
||
| 999 |
_c214971 _d214971 |
||